[Event "22nd ECU Club Cup"]
[Site "Feugen AUT"]
[Date "2006.10.13"]
[Round "6"]
[White "Radjabov,T"]
[Black "Svidler,P"]
[Result "1/2-1/2"]
[WhiteElo "2729"]
[BlackElo "2750"]

1.e4 c5 2.Nf3 e6 3.d4 cxd4 4.Nxd4 Nc6 5.Nc3 a6 6.Be3 Nf6 7.f4 Bb4 8.Bd3 d6
9.Nxc6 bxc6 10.O-O e5 11.h3 O-O 12.Qf3 exf4 13.Bxf4 Nd7 14.Bc4 Qe7 15.Qg3 Kh8
16.Bb3 Ne5 17.Rad1 f6 18.Kh1 Rb8 19.Ne2 Bd7 20.c3 Bc5 21.Bc1 Be6 22.Bxe6 Qxe6
23.b3 a5 24.Rfe1 a4 25.Nd4 Qf7 26.Be3  1/2-1/2

[Event "22nd ECU Club Cup"]
[Site "Feugen AUT"]
[Date "2006.10.13"]
[Round "6"]
[White "Moen,OC"]
[Black "Becker,Mart"]
[Result "0-1"]
[WhiteElo "2244"]
[BlackElo "2315"]

1.e4 c5 2.Nc3 Nc6 3.Nf3 e6 4.d4 cxd4 5.Nxd4 Nf6 6.Nxc6 bxc6 7.e5 Nd5 8.Ne4 Qa5+
9.Bd2 Qb6 10.c4 Qxb2 11.cxd5 Qxe5 12.f3 exd5 13.Bc3 Qe6 14.Bc4 f5 15.O-O fxe4
16.Re1 Bc5+ 17.Kh1 O-O 18.Rxe4 Qf7 19.Bb3 Ba6 20.Rg4 g6 21.h4 Rfe8 22.Bc2 Re6
23.h5 Rae8 24.Qb1 d4 25.hxg6 Qg7 26.Bd2 h5 27.Rg5 Re5 28.Bd3 Bxd3 29.Qxd3 Qf6
30.Rxe5 Rxe5 31.f4 Rf5 32.Re1 Kg7 33.Re8 Qxg6 34.Qe4 Rf6 35.Qe5 Bd6 36.Qe2 Re6
37.Rxe6 dxe6 38.Qa6 Qb1+ 39.Kh2 Qe4 40.g3 Kg6 41.Qc8 Kf5 42.Qd7 Kg4 43.Qxd6 Qe2+
44.Kg1 Kh3 45.Qxd4 Qg2+  0-1

[Event "WJun"]
[Site "Yerevan ARM"]
[Date "2006.10.13"]
[Round "10"]
[White "Sengupta,D"]
[Black "Grachev,B"]
[Result "0-1"]
[WhiteElo "2420"]
[BlackElo "2583"]

1.e4 c5 2.Nc3 Nc6 3.Nf3 e6 4.d4 cxd4 5.Nxd4 d6 6.Be3 Nf6 7.Qd2 a6 8.f3 Be7
9.O-O-O d5 10.exd5 Nxd5 11.Nxd5 Qxd5 12.Nb3 Qe5 13.Bf4 Qf6 14.h4 e5 15.Bg5 Qe6
16.Bxe7 Qxe7 17.Bc4 Be6 18.Bxe6 fxe6 19.Qg5 Rc8 20.c3 Rc7 21.Rd2 h6 22.Qg6+ Qf7
23.Qxf7+ Kxf7 24.Re1 b6 25.Kd1 Kf6 26.Rd6 Ke7 27.Rd3 Rf8 28.Nd2 Rf4 29.Re4 b5
30.Ke2 Na5 31.b3 Nb7 32.g3 Rxe4+ 33.Nxe4 Nc5 34.Nxc5 Rxc5 35.Ke3 Kf6 36.Ke4 Rc6
37.Re3 Rd6 38.Rd3 Rc6 39.g4 g6 40.Ke3 Rc5 41.Ke4 Rc6 42.c4 bxc4 43.Rc3 Rd6
44.Rxc4 a5 45.Ke3 Rd1 46.Rc5 a4 47.bxa4 Rd4 48.a5 h5 49.a6 Ra4 50.g5+ Kf5
51.Rc7 Rxh4 52.a7 Ra4 53.Re7 h4 54.Kf2 Rxa2+ 55.Kf1 Kxg5 56.Rxe6 Rxa7 57.Rxe5+ Kf4
58.Re6 g5 59.Rf6+ Kg3 60.Rf5 g4 61.fxg4 h3 62.Ke2 h2 63.Rf3+ Kxg4 64.Rf1 Rh7  0-1

[Event "TCh-NED 2006-7"]
[Site "Netherlands NED"]
[Date "2006.10.14"]
[Round "2"]
[White "Reinderman,D"]
[Black "Kabatianski,A"]
[Result "1-0"]
[WhiteElo "2496"]
[BlackElo "2432"]

1.e4 c5 2.Nf3 e6 3.d4 cxd4 4.Nxd4 Nc6 5.Nc3 Qc7 6.f4 a6 7.Nxc6 Qxc6 8.Bd3 b5
9.Qe2 Bb7 10.Bd2 Bc5 11.O-O-O Ne7 12.Qh5 g6 13.Qh4 f5 14.Rde1 b4 15.Nd1 O-O-O
16.Kb1 Kb8 17.Re2 Rc8 18.Rhe1 Qc7 19.c3 a5 20.g4 Qd6 21.Bc2 Bxe4 22.Bxe4 fxe4
23.Bc1 h5 24.Ka1 hxg4 25.Qxg4 Nf5 26.Qg2 Qc6 27.Rxe4 Rh6 28.Qc2 Rh3 29.Kb1 Rch8
30.R1e2 Rc8 31.a3 Nd6 32.Re5 bxa3 33.b3 Bb6 34.Bxa3 Nf5 35.Qd2 Rf3 36.Bc1 a4
37.b4 Nd6 38.Qc2 Nc4 39.R5e4 Rf1 40.Qd3 Qb5 41.Ka2 Qf5 42.Nb2 Nxb2 43.Bxb2 a3
44.Kxa3 d5 45.Qb5 dxe4 46.Qxb6+ Ka8 47.c4 Rf3+ 48.Ka4 Qf7 49.Qa6+ Qa7 50.Qxa7+ Kxa7
51.Rxe4 Kb7 52.b5 Rf1 53.Kb3 Ra8 54.c5 Rb1 55.Kc2  1-0

[Event "IRT5"]
[Site "Sao Paulo BRA"]
[Date "2006.10.15"]
[Round "7"]
[White "Schutt,Ri"]
[Black "Brandao,R"]
[Result "0-1"]
[WhiteElo "2167"]
[BlackElo "1981"]

1.e4 c5 2.Ne2 Nc6 3.Nbc3 e6 4.d4 cxd4 5.Nxd4 a6 6.g3 Qc7 7.Bg2 Bb4 8.Ne2 Nf6
9.O-O O-O 10.Bf4 e5 11.Bg5 Ne7 12.Qd3 Rd8 13.Bxf6 gxf6 14.Nd5 Nxd5 15.exd5 d6
16.Be4 h6 17.c3 Bc5 18.Bf5 Bxf5 19.Qxf5 Kg7 20.g4 Qc8 21.Qe4 Rg8 22.Ng3 Kf8
23.h3 Qd7 24.Rad1 Rg6 25.Rd3 Ke7 26.Rf3 Kd8 27.Rf5 Kc7 28.Qf3 Rag8 29.Ne4 R8g7
30.b4 Ba7 31.c4 Kb8 32.Nxf6 Rxf6 33.Rxf6 h5 34.Rf5 hxg4 35.hxg4 Qc8 36.Kg2 Qxc4
37.Kg3 Qxf1 38.Rxf7 Qg1+ 39.Kh3 Rxf7 40.Qxf7 Bxf2  0-1

[Event "HSK 1830 IM"]
[Site "Hamburg GER"]
[Date "2006.10.16"]
[Round "1"]
[White "Sawatzki,F"]
[Black "Abel,D"]
[Result "1/2-1/2"]
[WhiteElo "2386"]
[BlackElo "2286"]

1.e4 c5 2.Nf3 e6 3.d4 cxd4 4.Nxd4 Nc6 5.Nc3 Nf6 6.Be2 Qc7 7.O-O a6 8.Be3 Bb4
9.Na4 Be7 10.Nxc6 bxc6 11.Nb6 Rb8 12.Nxc8 Qxc8 13.Bd4 O-O 14.Qd3 a5 15.Rad1 d5
16.e5  1/2-1/2

[Event "WJun"]
[Site "Yerevan ARM"]
[Date "2006.10.16"]
[Round "13"]
[White "Deepan Chakkravarthy,J"]
[Black "Matsenko,S"]
[Result "1/2-1/2"]
[WhiteElo "2501"]
[BlackElo "2363"]

1.e4 c5 2.Nf3 e6 3.d4 cxd4 4.Nxd4 Nc6 5.Nc3 a6 6.Be3 Nf6 7.Bd3 Qc7 8.O-O Ne5
9.Nf3 Ng6 10.a4 b6 11.Nd2 Bc5 12.Bxc5 bxc5 13.f4 Nxf4 14.e5 Qxe5 15.Qf3 N4d5
16.Rae1 Qd4+ 17.Kh1 O-O 18.Nde4 c4 19.Nxf6+ Nxf6 20.Bxh7+ Nxh7 21.Qxa8 f5
22.Qb8 Nf6 23.Rf4 Qc5 24.b4 cxb3 25.Qxb3 Ng4 26.Nd1 Qc7 27.Qc4 Qxc4 28.Rxc4 Bb7
29.h3 Nf6 30.Nc3 Bc6 31.Rxc6 dxc6 32.Rxe6 Rc8 33.Kg1 Nd5 34.Ne2 Kf7 35.Rd6 Ke7
36.Rg6 Kf7 37.Rd6 Ke7 38.Rg6 Kf7 39.Rg3 Rb8 40.Nd4 Kf6 41.Rb3 Rb4 42.Rxb4 Nxb4
43.c3 Nd5 44.Nxc6 Nxc3 45.a5 Nd5 46.Kf2 Ke6 47.Kf3 Kf6 48.h4  1/2-1/2

[Event "USCL"]
[Site "ICC INT"]
[Date "2006.10.18"]
[Round "8"]
[White "Stopa,Ja"]
[Black "Kaufman,La"]
[Result "1-0"]
[WhiteElo "2470"]
[BlackElo "2358"]

1.Nc3 c5 2.Nf3 Nc6 3.e4 e6 4.d4 cxd4 5.Nxd4 d6 6.Be3 Nf6 7.f3 Be7 8.Qd2 O-O
9.O-O-O d5 10.Be2 dxe4 11.Qe1 Qc7 12.fxe4 Bd7 13.Rf1 Rac8 14.Ndb5 Qa5 15.Nd6 Nb4
16.Nxc8 Rxc8 17.Bd3 Nxa2+ 18.Nxa2 Qxa2 19.Bd4 e5 20.Bxe5 Ng4 21.Qg3 Bb4 22.Bc3 Bxc3
23.bxc3 Qa1+ 24.Kd2 Qxc3+ 25.Ke2 Ne5 26.h3 Ba4 27.Kf2 Nxd3+ 28.Qxd3 Qc5+
29.Qd4 Qxd4+ 30.Rxd4 Rxc2+ 31.Kf3 Be8 32.Rd8 Kf8 33.Ra8 Rc3+ 34.Kf4 f6 35.Rb1 Ke7
36.Rxb7+ Bd7 37.h4 g5+ 38.hxg5 fxg5+ 39.Kxg5 Rg3+ 40.Kh6 Rxg2 41.Raxa7 Rd2
42.Kxh7 Ke6 43.Ra5 Rd4 44.Rb6+ Kf7 45.Rg5 Ba4 46.Rg7+ Kf8 47.Rb8+ Be8 48.Rg8+ Kf7
49.Rbxe8  1-0

[Event "III Open"]
[Site "Calvia ESP"]
[Date "2006.10.20"]
[Round "1"]
[White "Caruana,F"]
[Black "Rhein,K"]
[Result "1-0"]
[WhiteElo "2474"]
[BlackElo "2082"]

1.e4 c5 2.Nf3 e6 3.d4 cxd4 4.Nxd4 Nc6 5.Nc3 Qc7 6.Be3 a6 7.Bd3 Nf6 8.O-O Ne5
9.Nf3 Nfg4 10.Nxe5 Nxe3 11.Qh5 g6 12.Qf3 Qxe5 13.fxe3 f6 14.Qxf6 Qxf6 15.Rxf6 Bg7
16.Rf3 b5 17.Nd1 Rb8 18.Rc1 Ke7 19.b3 Bb7 20.Nf2 Bc3 21.Rf1 Rbf8 22.Nh3 Bc6
23.Nf4 g5 24.Ne2 Be5 25.Nd4 g4 26.Rxf8 Rxf8 27.Rxf8 Kxf8 28.b4 Ke7 29.c4 bxc4
30.Bxc4 Bb7 31.Nb3 Bxe4 32.Nc5 Bb1 33.a4 Bc3 34.Nxa6 d5 35.Be2 d4 36.exd4 Bxd4+
37.Kf1 Bc2 38.a5 h5 39.Nc5 Bxc5 40.bxc5 Kd7 41.Bb5+ Kc7 42.a6 Be4 43.g3 Bd5
44.Kf2 e5 45.Ke3 Ba8 46.Bd3 Bd5 47.Be4  1-0

[Event "III Open"]
[Site "Calvia ESP"]
[Date "2006.10.21"]
[Round "2"]
[White "Zawadzka,J"]
[Black "Hernandez,Hold"]
[Result "0-1"]
[WhiteElo "2353"]
[BlackElo "2524"]

1.e4 c5 2.Nf3 Nc6 3.d4 cxd4 4.Nxd4 e6 5.Nc3 a6 6.Be3 Nf6 7.Nxc6 bxc6 8.e5 Nd5
9.Nxd5 cxd5 10.Bd3 d6 11.f4 dxe5 12.fxe5 Qh4+ 13.Bf2 Qb4+ 14.Qd2 Qxb2 15.O-O Qxe5
16.Rae1 Qc7 17.Qg5 Qd8 18.Qe5 Qd6 19.Qg5 h6 20.Qh5 Be7 21.Bd4 O-O 22.Bf6 Bxf6
23.Rxf6 Qe7 24.Rf4 Qg5 25.Qf3 e5 26.Qxd5 Bb7 27.Qxb7 Qxf4 28.Rf1 Qd4+ 29.Kh1 Kh8
30.h3 f6 31.Qf3 f5 32.Bxf5 e4 33.Qe2 Rae8 34.Rd1 Qxd1+ 35.Qxd1 Rxf5 36.Qd7 Rff8  0-1

[Event "32nd Guernsey Chess Festival"]
[Site "Grand Harve Bay GCI"]
[Date "2006.10.21"]
[Round "7"]
[White "Dijksterhuis,R"]
[Black "Thurlow,K"]
[Result "1-0"]
[WhiteElo "2049"]
[BlackElo "2140"]

1.e4 c5 2.Nf3 e6 3.d4 cxd4 4.Nxd4 Nc6 5.Nc3 Nf6 6.a3 a6 7.Be2 Qc7 8.O-O Be7
9.Be3 b5 10.f4 d6 11.Nxc6 Qxc6 12.Bf3 e5 13.g4 h5 14.h3 hxg4 15.hxg4 Be6
16.g5 Nd7 17.Nd5 exf4 18.e5 Nxe5 19.Nf6+ gxf6 20.Bxc6+ Nxc6 21.Bxf4 fxg5
22.Bg3 Kd7 23.Qd2 d5 24.b4 f5 25.Rxf5  1-0

[Event "TCh-FIN 2006-7"]
[Site "Joensuu FIN"]
[Date "2006.10.21"]
[Round "3"]
[White "Pulkkinen,K"]
[Black "Ovod,E"]
[Result "0-1"]
[WhiteElo "2328"]
[BlackElo "2409"]

1.e4 c5 2.Nf3 e6 3.d4 cxd4 4.Nxd4 Nc6 5.Nc3 Qc7 6.Be3 a6 7.Be2 Nf6 8.O-O Be7
9.f4 d6 10.Qe1 O-O 11.Qg3 Bd7 12.e5 Ne8 13.Rad1 f5 14.exf6 Nxf6 15.f5 Nxd4
16.Rxd4 exf5 17.Bh6 Ne8 18.Nd5 Qd8 19.Bc4 Kh8 20.Nxe7 Qxe7 21.Bg5 Rf6 22.Re1 Qf8
23.Bxf6 Qxf6 24.Qh4 g5 25.Qf2 Rc8 26.Bb3 Kg7 27.c3 Rc5 28.Rd5 Rc6 29.Rd2 Rc5
30.Qxc5 dxc5 31.Rxd7+ Kf8 32.Rxb7 c4 33.Bxc4 Nc7 34.Kf1 Qd6 35.b3 g4 36.g3 Kg7
37.Re6 Qd1+ 38.Kf2 Qf3+  0-1

[Event "70th Jubilee"]
[Site "Obro DEN"]
[Date "2006.10.21"]
[Round "8"]
[White "Antoniewski,R"]
[Black "Hermansson,E"]
[Result "0-1"]
[WhiteElo "2509"]
[BlackElo "2454"]

1.e4 c5 2.Nc3 e6 3.Nf3 Nc6 4.d4 cxd4 5.Nxd4 Nf6 6.a3 Qc7 7.Be3 a6 8.Be2 b5
9.Nxc6 dxc6 10.O-O Bb7 11.f4 Be7 12.e5 Rd8 13.Qe1 Nd7 14.Ne4 c5 15.Bf3 O-O
16.a4 Bd5 17.axb5 axb5 18.b3 Qb7 19.Bf2 Ra8 20.Qe2 c4 21.Bd4 Rxa1 22.Rxa1 Ra8
23.Rxa8+ Qxa8 24.bxc4 Bxc4 25.Nd6 Qa4 26.Nxc4 bxc4 27.Qe4 Bf8 28.h3 Qb4 29.Qb7 Qa4
30.c3 Nc5 31.Qa8 Qb5 32.Kh2 Nd3 33.Qe4 g6 34.Be2 Qb1 35.Qf3 h5 36.h4 Qc2
37.Kh1 Ba3 38.Qa8+ Kg7 39.Bf3 Qc1+ 40.Kh2 Qxf4+ 41.g3 Qd2+ 42.Kh3 Bc5  0-1

[Event "TCh-BEL 2006-7"]
[Site "Belgium BEL"]
[Date "2006.10.22"]
[Round "2"]
[White "Saltaev,M"]
[Black "Ooms,A"]
[Result "1-0"]
[WhiteElo "2500"]
[BlackElo "2186"]

1.e4 c5 2.Nf3 e6 3.d4 cxd4 4.Nxd4 Nc6 5.Nc3 Qc7 6.Be3 a6 7.Bd3 Nf6 8.Qe2 Bb4
9.O-O Ne5 10.Bd2 Bc5 11.Nf3 b5 12.Kh1 d6 13.Nxe5 dxe5 14.a4 b4 15.Na2 a5
16.c3 bxc3 17.Nxc3 O-O 18.Nb5 Qb6 19.Bc3 Nd7 20.Rad1 Rd8 21.f4 Bd4 22.Bc4 Bxc3
23.Rd6 Qc5 24.bxc3 exf4 25.Rxf4 Rf8 26.Bb3 Ne5 27.Qd2 Ba6 28.Qd4 Qxd4 29.cxd4 Bxb5
30.axb5 a4 31.Ba2 Nd3 32.Rf1 Nb4 33.Rf2 Rfb8 34.Rd7 Nxa2 35.Rfxf7 Rxb5 36.Rxg7+ Kh8
37.Rxh7+ Kg8 38.h4 Nc3 39.d5 Nxe4 40.Rdg7+ Kf8 41.dxe6  1-0

[Event "TCh-BEL 2006-7"]
[Site "Belgium BEL"]
[Date "2006.10.22"]
[Round "2"]
[White "Kaufeld,J"]
[Black "De Haan,E"]
[Result "1/2-1/2"]
[WhiteElo "2261"]
[BlackElo "2294"]

1.e4 c5 2.Nf3 e6 3.d4 cxd4 4.Nxd4 Nc6 5.Nc3 Qc7 6.Be2 Nf6 7.O-O a6 8.Kh1 Nxd4
9.Qxd4 Bc5 10.Qd3 b5 11.Bg5 Bb7 12.f4 b4 13.e5 Nd5 14.Nxd5 Bxd5 15.Bf3 Bc6
16.Bxc6 Qxc6 17.Rad1 O-O 18.Rf3 Rfc8 19.Qxd7  1/2-1/2

[Event "TCh-BEL 2006-7"]
[Site "Belgium BEL"]
[Date "2006.10.22"]
[Round "2"]
[White "Mullon,J"]
[Black "Goormachtigh,J"]
[Result "1-0"]
[WhiteElo "2363"]
[BlackElo "2231"]

1.e4 c5 2.Nc3 Nc6 3.Nf3 e6 4.d4 cxd4 5.Nxd4 Qc7 6.Be2 Nf6 7.O-O a6 8.Be3 Be7
9.a4 O-O 10.Kh1 d6 11.f4 Bd7 12.Nb3 b6 13.Bf3 Rab8 14.g4 Na5 15.g5 Ne8 16.Bg2 Nc4
17.Bc1 g6 18.Nd4 Ng7 19.f5 exf5 20.Nd5 Qd8 21.exf5 Nxf5 22.Rxf5 gxf5 23.Qh5 Qe8
24.Bf4 f6 25.g6 hxg6 26.Nxe7+ Qxe7 27.Bd5+ Rf7 28.Qxg6+ Kf8 29.Bh6+ Ke8 30.Qg8+ Rf8
31.Bxf8 Qxf8 32.Qxf8+ Kxf8 33.Bxc4  1-0

[Event "65th Ann FPX Festival"]
[Site "Sao Paulo BRA"]
[Date "2006.10.22"]
[Round "9"]
[White "Mekhitarian,K"]
[Black "Leitao,R"]
[Result "1/2-1/2"]
[WhiteElo "2425"]
[BlackElo "2601"]

1.e4 c5 2.Nf3 Nc6 3.d4 cxd4 4.Nxd4 e6 5.Nc3 a6 6.Nxc6 bxc6 7.Bd3 d5 8.O-O Nf6
9.Re1 Be7 10.e5 Nd7 11.Qg4 g6 12.Na4 Qa5 13.Bh6 Qb4 14.Qxb4 Bxb4 15.c3 Ba5
16.b4 Bc7 17.f4 a5 18.b5 Nb6 19.Nxb6 Bxb6+ 20.Kf1 cxb5 21.Bxb5+ Bd7 22.Rab1 Bxb5+
23.Rxb5 Bc7 24.c4 dxc4 25.Rc5 O-O-O 26.Rxc4 Rd7 27.Bg5 Kb7 28.Rb1+ Ka7 29.f5 Rb8
30.Be3+ Ka8 31.Rbc1 Bxe5 32.Rc5 Rd5 33.fxe6 fxe6 34.Rxd5 exd5 35.Rc5 Rb1+
36.Kf2 Rb2+ 37.Kf3 Rxa2 38.Rxd5 Bxh2 39.Rd8+ Kb7 40.Rd7+ Bc7 41.Rxh7 Rc2
42.Rg7 a4 43.Rxg6 a3 44.Rg4 a2 45.Rb4+ Kc6 46.Bd4 Ba5 47.Rb3 Kd5 48.Ba1 Kc4
49.Rb8 Bc3 50.Rc8+ Kb3 51.Rb8+ Bb4 52.g4 Rc1 53.Bg7 a1=Q 54.Bxa1 Rxa1 55.g5 Kc4
56.Ke4 Re1+ 57.Kf5 Bd6 58.Rb2 Kd5 59.Rd2+ Kc6 60.g6 Bf8 61.Rd8 Bg7 62.Rg8 Re5+
63.Kf4 Re7 64.Rxg7  1/2-1/2

[Event "WYB14"]
[Site "Batumi GEO"]
[Date "2006.10.25"]
[Round "8"]
[White "Huschenbeth,N"]
[Black "Durarbeyli,V"]
[Result "0-1"]
[WhiteElo "2241"]
[BlackElo "2243"]

1.e4 c5 2.Nf3 e6 3.d4 cxd4 4.Nxd4 Nc6 5.Nc3 Nf6 6.Nxc6 bxc6 7.e5 Nd5 8.Ne4 Qc7
9.f4 Qb6 10.c4 Ne3 11.Qd3 Bb4+ 12.Bd2 O-O 13.h4 f6 14.exf6 Bxd2+ 15.Qxd2 Rb8
16.b3 d5 17.Nd6 Rxf6 18.Rh3 Nxf1 19.Kxf1 Ba6 20.Rf3 Qc5  0-1

[Event "III Open"]
[Site "Calvia ESP"]
[Date "2006.10.25"]
[Round "6"]
[White "Nijboer,F"]
[Black "Cramling,P"]
[Result "1/2-1/2"]
[WhiteElo "2641"]
[BlackElo "2528"]

1.e4 c5 2.Nf3 e6 3.Nc3 Nc6 4.d4 cxd4 5.Nxd4 Qc7 6.Be2 Nf6 7.O-O Be7 8.Be3 O-O
9.f4 d6 10.Kh1 Nxd4 11.Qxd4 b6 12.f5 Bb7 13.fxe6  1/2-1/2

[Event "III Open"]
[Site "Calvia ESP"]
[Date "2006.10.25"]
[Round "6"]
[White "Mareco,S"]
[Black "Rhein,K"]
[Result "1/2-1/2"]
[WhiteElo "2335"]
[BlackElo "2082"]

1.e4 c5 2.Nf3 e6 3.d4 cxd4 4.Nxd4 Nc6 5.Nc3 Qc7 6.Be3 a6 7.Qd2 Nf6 8.O-O-O Bb4
9.f3 Ne5 10.Nb3 b5 11.Qe1 Be7 12.f4 Ng6 13.e5 Ng4 14.Bd2 Bb7 15.h3 Nh6 16.Rg1 b4
17.Ne4 Rc8 18.Bd3 Nf5 19.Kb1 d5 20.exd6 Nxd6 21.Nec5 O-O 22.Bxg6 hxg6 23.Bxb4 Bd5
24.Rc1 Ra8 25.g4 Rfb8 26.Ba5 Qc6 27.Nd3 Nc4 28.Ne5 Nxe5 29.Qxe5 Qa4 30.f5 Bf6
31.Qe1 exf5 32.gxf5 Re8 33.Qd2 Be4 34.fxg6 Bxg6 35.Rg4 Qb5 36.Rg2  1/2-1/2

[Event "10th Essent Open"]
[Site "Hoogeveen NED"]
[Date "2006.10.25"]
[Round "6"]
[White "Okkes,M"]
[Black "Peng Zhaoqin"]
[Result "1/2-1/2"]
[WhiteElo "2355"]
[BlackElo "2437"]

1.e4 c5 2.Nf3 e6 3.d4 cxd4 4.Nxd4 Nc6 5.Nc3 Qc7 6.Be3 a6 7.Qd2 Nf6 8.O-O-O Bb4
9.f3 Ne7 10.Nde2 d5 11.Bg5 Bd7 12.Bxf6 gxf6 13.Qd4 Bd6 14.exd5 Be5 15.Qd2 Ng6
16.g3 f5 17.f4 Bf6 18.Bg2 Rd8 19.dxe6 Bxe6 20.Qe3 O-O 21.Bd5 Rfe8 22.Bxe6 fxe6
23.Rxd8 Qxd8 24.Rd1 Qe7 25.Qb6 Kf7 26.Qd6 Rc8 27.Qxe7+ Kxe7 28.Nd4 Nf8 29.Nce2 Nd7
30.Nf3 Nc5 31.c3 Ne4 32.Kc2 Nf2 33.Rd2 Ne4 34.Rd3 Nf2 35.Rd2 Ne4 36.Rd1 Nf2
37.Re1 Ne4 38.Rf1 b5 39.a3 a5 40.Nd2 Nd6 41.b4 a4 42.Kd3 h5 43.Rc1 h4 44.Ke3  1/2-1/2

[Event "14th Chigorin Mem"]
[Site "St-Petersburg RUS"]
[Date "2006.10.25"]
[Round "3"]
[White "Shomoev,A"]
[Black "Bocharov,D"]
[Result "1-0"]
[WhiteElo "2528"]
[BlackElo "2577"]

1.e4 c5 2.Nf3 Nc6 3.d4 cxd4 4.Nxd4 e6 5.Nc3 Qc7 6.g4 a6 7.f4 b5 8.Be3 Bb7
9.Nb3 d6 10.Bg2 Nf6 11.Qe2 Be7 12.O-O-O Nd7 13.Qf2 O-O 14.Kb1 Na5 15.Nxa5 Qxa5
16.g5 Rfc8 17.f5 Rxc3 18.bxc3 Qxc3 19.Bd4 Qb4+ 20.Bb2 e5 21.f6 gxf6 22.Bh3 Nc5
23.gxf6 Bf8 24.a3 Qc4 25.Rhg1+ Kh8 26.Rg4 Bxe4 27.Bg2 d5 28.Bxe4 Nxe4 29.Qg2 Bh6
30.Rg1 Qc8 31.Qh3 Bg5 32.Qh5 Bxf6 33.Qxf7 Qe8 34.Qxd5  1-0

[Event "Magistral Barcelona Casino"]
[Site "Barcelona ESP"]
[Date "2006.10.26"]
[Round "8"]
[White "Narciso Dublan,M"]
[Black "Korneev,O"]
[Result "1/2-1/2"]
[WhiteElo "2511"]
[BlackElo "2657"]

1.e4 c5 2.Nf3 e6 3.d4 cxd4 4.Nxd4 Nc6 5.Nc3 Qc7 6.f4 a6 7.Be2 Nxd4 8.Qxd4 b5
9.Be3 Bb7 10.O-O Rc8 11.Rad1 Nf6 12.e5 Nd5 13.Nxd5 Bxd5 14.Bf3 Bxf3 15.Rxf3 Bc5
16.Qxc5 Qxc5 17.Bxc5 Rxc5 18.c3 d5 19.exd6 Kd7 20.Rfd3 h5 21.Rd4 Rb8 22.Kf2 b4
23.cxb4 Rc2+ 24.Kg3 Rxb2 25.Rc1 Rb7 26.a4 R2xb4 27.Rxb4 Rxb4 28.Rc7+ Kxd6
29.Rxf7 g5 30.fxg5 Rg4+ 31.Kf3 Rxg5 32.Rf4 Rc5 33.Rh4 a5 34.g3 Ke7 35.Ke3 Kf6
36.Kd4 Rg5 37.Ke3 e5 38.Kf3 Rf5+ 39.Ke4 Rg5 40.Kf3 Ke6 41.Rc4 Kd5 42.Rc8 Rg4
43.Rd8+ Ke6 44.Re8+ Kf6 45.Rf8+ Ke7 46.Rf5 Ke6 47.Rxh5 Rxa4 48.Rh8 Ra1 49.h4 a4
50.Ra8 a3 51.Kg4 a2 52.h5 Kd5 53.h6 e4 54.Ra5+ Kc4 55.h7 Rh1 56.Rxa2 Rxh7
57.Kf4 Kd3 58.Ra3+ Kd4 59.Ra4+ Kd3 60.Ra3+ Kd4  1/2-1/2

[Event "WYG18"]
[Site "Batumi GEO"]
[Date "2006.10.26"]
[Round "9"]
[White "Arutyunova,D"]
[Black "Gurchumalidze,T"]
[Result "1/2-1/2"]
[WhiteElo "2362"]
[BlackElo "2058"]

1.e4 c5 2.Nf3 e6 3.d4 cxd4 4.Nxd4 Nc6 5.Nc3 Qc7 6.Be3 a6 7.a3 Nf6 8.Be2 Be7
9.f4 d6 10.O-O O-O 11.Kh1 Re8 12.Qe1 Nxd4 13.Bxd4 e5 14.fxe5 dxe5 15.Qg3 Bd8
16.Be3 Be6 17.Rad1 Kh8 18.Bg5 Ng8 19.Be3 Nf6 20.Bg5 Ng8 21.Be3 Nf6 22.Bg5 Ng8  1/2-1/2

[Event "WYG18"]
[Site "Batumi GEO"]
[Date "2006.10.26"]
[Round "9"]
[White "Pourkashiyan,A"]
[Black "Hoolt,S"]
[Result "1-0"]
[WhiteElo "2329"]
[BlackElo "2135"]

1.e4 c5 2.Nf3 e6 3.d4 cxd4 4.Nxd4 Nc6 5.Nc3 Qc7 6.Be2 Nf6 7.O-O a6 8.Be3 Bb4
9.Na4 Be7 10.c4 d6 11.Nxc6 bxc6 12.Qc2 c5 13.Rad1 Bb7 14.Nc3 O-O 15.Rd2 Bc6
16.Rfd1 Qb7 17.f3 Nd7 18.b3 Rad8 19.Bf4 Ne5 20.Bg3 g5 21.f4 Ng6 22.fxg5 Bxg5
23.Rxd6 Rxd6 24.Bxd6 Be3+ 25.Kh1 Rd8 26.Bf3 Qb4 27.Rd3 Nf4 28.Rxe3 Rxd6 29.e5 Bxf3
30.exd6 Bxg2+ 31.Kg1 Bc6 32.Rg3+ Kh8 33.Qd2 e5 34.d7 Bxd7 35.Qxd7 Ne2+ 36.Kf2 Nxg3
37.Qe8+  1-0

[Event "10th Essent Open"]
[Site "Hoogeveen NED"]
[Date "2006.10.26"]
[Round "7"]
[White "Bitalzadeh,A"]
[Black "Van der Wiel,J"]
[Result "1/2-1/2"]
[WhiteElo "2345"]
[BlackElo "2522"]

1.e4 c5 2.Nc3 Nc6 3.Nf3 e6 4.d4 cxd4 5.Nxd4 Nf6 6.Ndb5 d6 7.Bf4 e5 8.Bg5 a6
9.Na3 b5 10.Nd5 Be7 11.Nxe7 Nxe7 12.Bxf6 gxf6 13.c4 f5 14.exf5 Nxf5 15.Bd3 Nd4
16.cxb5 Bb7 17.Qg4 Qa5+ 18.Kf1 axb5 19.Nc2 Nxc2 20.Bxc2 Bd5 21.Qg5 Qb4 22.Bd3 Rxa2
23.Rxa2 Bxa2 24.h4 Qb3 25.Qd2 Qxd3+ 26.Qxd3 Bc4 27.Ke2 Kd7 28.Ra1 Ke6 29.Ra7 e4
30.Qxc4+ bxc4 31.Rb7 Rc8 32.Ke3 c3 33.bxc3 Rxc3+ 34.Kxe4 Rc4+ 35.Ke3 Rxh4
36.g3 Rc4 37.Rb5 Rc5 38.Rb8 Re5+ 39.Kf4 Rf5+ 40.Ke3 Re5+ 41.Kf4 Kf6 42.Rd8 Re6
43.Rh8 Kg7 44.Rd8 h6 45.Kf5 Re5+ 46.Kf4 Rd5 47.Ke4 Rd2 48.f3 Kf6 49.Rh8 Re2+
50.Kf4 Rh2 51.g4 Rh3 52.Rd8 Ke7 53.Rh8 Kf6  1/2-1/2

[Event "WYG18"]
[Site "Batumi GEO"]
[Date "2006.10.27"]
[Round "10"]
[White "Daulyte,D"]
[Black "Hoolt,S"]
[Result "1/2-1/2"]
[WhiteElo "2205"]
[BlackElo "2135"]

1.e4 c5 2.Nf3 e6 3.d4 cxd4 4.Nxd4 Nc6 5.Nc3 Qc7 6.Be2 Nf6 7.O-O a6 8.Kh1 Nxd4
9.Qxd4 Bc5 10.Qd3 b5 11.f4 Bb7 12.e5 Nd5 13.Bf3 Nxc3 14.Qxc3 Rc8 15.Bxb7 Qxb7
16.Qg3 g6 17.c3 h5 18.h3 h4 19.Qd3 Rh5 20.Be3 d6 21.exd6 Rd5 22.Qe4 Bxe3
23.Qxe3 Rd8 24.Qf2 R8xd6 25.Qxh4 Rh5 26.Qg3 Rd2 27.Rad1 Rhd5 28.Rxd2 Rxd2
29.f5 Qe4 30.fxe6 Qxe6 31.Qh4 Qe5 32.Qh7 Rf2 33.Qg8+ Ke7 34.Rd1 Rd2 35.Rxd2 Qe1+
36.Kh2 Qxd2 37.Qb8 Qf2 38.Qc7+ Ke8 39.Qd6 Qe2 40.Qc5 Qd2 41.Qe5+ Kf8 42.Qh8+ Ke7
43.Qh4+ Kf8 44.Qb4+ Kg8 45.Qe4 Qd6+ 46.g3 Qd2+ 47.Qg2 Qc1 48.Qe2 Qb1 49.b3 Qc1
50.c4 bxc4 51.bxc4 Qc3 52.h4 a5 53.Qe8+ Kg7 54.Qa4 Qd2+ 55.Kh3 Qe2 56.Qb3 Qf1+
57.Kh2 Qf2+ 58.Kh3 Qf1+ 59.Kh2  1/2-1/2

[Event "10th Essent Open"]
[Site "Hoogeveen NED"]
[Date "2006.10.27"]
[Round "8"]
[White "Brandenburg,D"]
[Black "Van der Elburg,F"]
[Result "1-0"]
[WhiteElo "2421"]
[BlackElo "2359"]

1.e4 c5 2.Nf3 Nc6 3.d4 cxd4 4.Nxd4 e6 5.Nc3 Qc7 6.Be3 a6 7.Bd3 Nf6 8.O-O Ne5
9.Nf3 Nfg4 10.Nxe5 Nxe3 11.Qh5 g6 12.Qf3 Qxe5 13.fxe3 f6 14.Qxf6 Qxf6 15.Rxf6 Bg7
16.Rf3 b5 17.Raf1 Ra7 18.e5 Rb7 19.Ne4 Bxe5 20.Ng5 d6 21.Nf7 Rg8 22.Nxe5 dxe5
23.Rg3 g5 24.Rf6 Rgg7 25.Rh6 Rbe7 26.Rh5 Bb7 27.e4 Kd7 28.Rhxg5 Rxg5 29.Rxg5 Kd6
30.Kf2 Rf7+ 31.Ke3 b4 32.h4 Bc6 33.h5 a5 34.Be2 Rf4 35.Bf3 Rf7 36.g4 Bb5
37.Rg8 h6 38.Rh8 Rf6 39.Rh7 Bc6 40.Rg7 Rf8 41.Rg6 Rh8 42.Be2 Be8 43.Rg7 Bc6
44.Bf3 Rf8 45.Rg6 Rh8 46.g5 hxg5 47.Rxg5 Be8 48.Kf2 Bf7 49.Kg3 Rc8 50.Bd1 Rc4
51.h6 Rc8 52.Rg7 Ke7 53.Bh5 Rg8 54.Rxg8 Bxg8 55.Bg6 Kf6 56.h7 Bxh7 57.Bxh7 Kg7
58.Bf5 exf5 59.exf5 Kf6 60.Kg4  1-0

[Event "GpB"]
[Site "Cap d'Agde FRA"]
[Date "2006.10.28"]
[Round "3"]
[White "Volokitin,And"]
[Black "Vachier Lagrave,M"]
[Result "1-0"]
[WhiteElo "2645"]
[BlackElo "2579"]

1.e4 c5 2.Nf3 e6 3.d4 cxd4 4.Nxd4 Nc6 5.Nc3 Qc7 6.Be3 a6 7.Qd2 Nf6 8.O-O-O Bb4
9.f3 Ne5 10.Nb3 b5 11.Qf2 Nc4 12.Bc5 Qf4+ 13.Kb1 Bxc3 14.bxc3 d5 15.Bxc4 bxc4
16.Nd2 Bb7 17.Ka1 O-O-O 18.Rb1 Rd7 19.Bd4 dxe4 20.Nxc4 Nd5 21.Be5 e3 22.Qe2 Qh4
23.Rxb7 Kxb7 24.Rb1+ Ka8 25.Nb6+ Nxb6 26.Qxa6+ Ra7 27.Qxb6 Rxa2+ 28.Kxa2 Qa4+
29.Kb2 e2 30.Bg3  1-0

[Event "Bundesliga 2006-7"]
[Site "Bindlach GER"]
[Date "2006.10.29"]
[Round "2"]
[White "Naiditsch,A"]
[Black "Tregubov,P"]
[Result "1-0"]
[WhiteElo "2657"]
[BlackElo "2556"]

1.e4 c5 2.Nf3 e6 3.d4 cxd4 4.Nxd4 Nc6 5.Nc3 Qc7 6.Be3 Nf6 7.Qd2 Bb4 8.f3 Nxd4
9.Qxd4 Bxc3+ 10.bxc3 b6 11.Bg5 e5 12.Qb4 d6 13.O-O-O O-O 14.Bxf6 gxf6 15.Rxd6 Be6
16.Ba6 Bxa2 17.c4 Bxc4 18.Bxc4 a5 19.Bxf7+ Rxf7 20.Qxb6 Rc8 21.Qxc7 Rfxc7
22.Rd2 Kf7 23.Re1 Rc3 24.Kb2 Kg6 25.Ra1 R8c5 26.Ra3 Rxa3 27.Kxa3 f5 28.Kb3 Kg5
29.Re2 Rb5+ 30.Kc4 Rb2 31.Kd3 Rb1 32.c3 Ra1 33.exf5 Kxf5 34.Kc4 h5 35.Kb5 h4
36.c4 h3 37.c5 hxg2 38.Rxg2 a4 39.c6 a3 40.c7 Rc1 41.Kb6 Ke6 42.Ra2 Kd7 43.Rd2+ Ke7
44.h4 Rb1+ 45.Kc6 Rc1+ 46.Kb7 Rb1+ 47.Kc8 Rb2 48.Rd7+ Ke8 49.Rd5 a2 50.Rxe5+ Kf7
51.Ra5 Kg6 52.f4 Kh6 53.f5 Kh7 54.Kd7 Rd2+ 55.Kc8 Kg7 56.Ra6 Kh7 57.h5 Kg7
58.Ra7 Kh6 59.f6  1-0

[Event "GpB"]
[Site "Cap d'Agde FRA"]
[Date "2006.10.29"]
[Round "6"]
[White "Carlsen,M"]
[Black "Skripchenko,A"]
[Result "1/2-1/2"]
[WhiteElo "2698"]
[BlackElo "2427"]

1.e4 c5 2.Nf3 e6 3.Nc3 Nc6 4.d4 cxd4 5.Nxd4 Qc7 6.Be3 Nf6 7.f3 a6 8.Qd2 b5
9.O-O-O Nxd4 10.Qxd4 Bb7 11.Kb1 Rc8 12.Bd3 Bc5 13.Qxc5 Qxc5 14.Bxc5 Rxc5
15.a4 Bc6 16.axb5 axb5 17.Ne2 b4 18.Nd4 Ra5 19.Kc1 Ke7 20.Kd2 Rha8 21.h4 h5
22.Ke3 g6 23.Rd2 Bb7 24.Rhd1 Ra2 25.Rb1 e5 26.Ne2 d5 27.exd5 Bxd5 28.c3 Be6
29.Kf2 Rb8 30.cxb4 Rxb4 31.Nc3 Ra7 32.Re1 Rab7 33.Ree2 Rb8 34.g3 Nd7 35.Be4 Nf6
36.Bb1 Rd4 37.Ba2 Rxd2 38.Rxd2 Bxa2 39.Nxa2 Ke6 40.Nc3 Rb3 41.Ke2 Rb4 42.Ke3 Rb8
43.Kd3 Rb4 44.Kc2 Rb7 45.b3 Kf5 46.Rd3 g5 47.hxg5 Kxg5 48.Rd6 Kf5 49.b4 Rxb4
50.Rxf6+ Kxf6 51.Nd5+ Kf5 52.Nxb4 e4  1/2-1/2